Statistics for Best Roman Emperors

Click here to take the quiz!

General Stats

  • This quiz has been taken 97 times
  • The average score is 7 of 10

Answer Stats

RankPercentPointsAnswer% Correct
185%166Augustus
99%
385%110Marcus Aurelius
89%
295%165Trajan
84%
470%93Hadrian
82%
955%51Constantine
77%
755%66Claudius
71%
665%68Vespasian
47%
565%68Antoninus Pius
46%
850%58Aurelian
39%
1025%27Nerva
33%

Score Distribution

Percentile by Number Answered

Percent of People with Each Score

Your Score History

You have not taken this quiz